Stormlight Archive- Knights Radiant Orders - Statistics

General Stats
  • This quiz has been taken 397 times
  • The average score is 8 of 10
Answer Stats
Surges Order % Correct
Adhesion and Gravitation Windrunners
98%
Illumination and Transformation Lightweavers
89%
Tension and Adhesion Bondsmiths
87%
Abrasion and Progression Edgedancers
83%
Gravitation and Division Skybreakers
80%
Transformation and Transportation Elsecallers
75%
Progression and Illumination Truthwatchers
71%
Division and Abrasion Dustbringers
70%
Cohesion and Tension Stonewards
62%
Transportation and Cohesion Willshapers
46%
No matching quizzes found
Score Distribution
Percent of People with Each Score
Percentile by Number Answered
Your Score History
You have not taken this quiz